[Event "OBEM 2016"]
[Site "?"]
[Date "2016.03.26"]
[Round "9"]
[White "Boehning, Kilian"]
[Black "Buescher, Andre"]
[Result "1-0"]
[WhiteElo "2141"]
[BlackElo "2059"]
[Annotator "Buescher"]
[PlyCount "75"]
[EventDate "2016.??.??"]
[SourceDate "2015.04.14"]

{"Barfuß oder Lackschuhe", unter diesem Titel veröffentlichte Eric Lobron im
"Schach" seinen Bericht über das Schlußrundenduell der deutschen
Nationalmannschaft mit der russischen Mannschaft anläßlich der Schacholympiade
in Moskau 1994. Hübner & Co. hatten sich clever durch das Schweizer System
laviert und hätten nun mit einem 3,5-0,5 die Goldmedaille direkt aus der Höhle
der russischen Schachbären entführen können. Theoretisch. Tatsächlich setzte
es eine heftige 0,5-3,5 Niederlage nebst Absturz auf Platz 16. An diese alte
Geschichte erinnerte ich mich nach der Schlußrunde der OBEM 2016. Vier
Werderaner hatten sich mit Glück, Geschick, starkem Spiel oder einfach mit
einem kampflosen Sieg pünktlich zum Finale an die ersten vier Bretter gespielt.
Die Goldmedaille war zwar schon vergeben, dafür kam die Konkurrenz aber auch
nicht aus Rußland, sondern aus Lilienthal, Hagen, Delmenhorst und Bremerhaven.
Beste Vorraussetzungen also um aufs Podium zukommen. Am Ende reichte es dann
nicht einmal zu einem halben Pünktchen und das Schweizer System schlug
erbarmungslos zu.} 1. Nf3 Nf6 2. g3 g6 3. Bg2 Bg7 4. O-O O-O 5. d3 d5 6. Nbd2
c5 7. c4 e6 8. Rb1 Nc6 9. a3 a5 10. b3 Re8 {Wartet noch auf Lb2, um
anschließend d4 zu ziehen.} 11. Qc2 d4 {wegen der Schwäche auf c5 lässt sich
d4 nicht aufschieben.} 12. e4 e5 $15 {[#] Dank des Raumvorteils steht Schwarz
etwas besser.} ({das Nehmen war mir zu unübersichtlich} 12... dxe3 13. fxe3 Bh6
(13... Ng4 14. Ne4 Qe7 $13) 14. Re1 e5 $13) 13. Re1 Be6 14. Nf1 h6 15. Bd2 Bf8
{gegen b4 gerichtet} 16. h3 Kh7 17. g4 Ng8 $5 18. Ng3 Bd6 19. Qc1 Qe7 20. Kh2 {
[#]} a4 $1 {Nutzt die Gelegenheit am Damenflügel gutes Spiel zu bekommen bevor
Weiß a4 zieht. Restlos klar sind die Folgen von 21. b4 aber nicht.} 21. Rh1 $5
(21. b4 cxb4 22. axb4 Nxb4 23. Nxe5 Ra5 24. f4 a3 25. Ne2 Rxe5) 21... axb3 22.
Rxb3 Ra7 {kein schlechter Zug, auch wenn der Turm hier später sehr unglücklich
stehen wird} 23. Qd1 Rf8 $6 (23... Rea8 $1 24. Bc1 Bc7 {und Schwarz hat gute
Chancen am Damenflügel}) 24. g5 {[#] Bis hierhin verlief die Partie um die
Bremer Vizemeisterschaft optimal für mich. Nun folgt "dank" falscher
Stellungseinschätzung ein positioneller Bock der Extraklasse.} f5 $4 {Sobald
sich der Königsflügel öffnet, werden die weißen Leichtfiguren über den
schwarzen König herfallen und nicht umgekehrt. Es dauert allerdings noch bis
zum 33. Zug bis mir das langsam klar wurde. Mit Tfa8 oder f6 hätte Schwarz
weiter auf Gewinn spielen können.} 25. exf5 gxf5 26. gxh6 (26. Re1 $5) 26...
e4 27. dxe4 fxe4 28. Ng5+ Kh8 29. N5xe4 Bxc4 30. Rf3 Ne5 $2 {Diesen Fehler
verträgt die Stellung nicht mehr} (30... Bd5 31. Rxf8 Qxf8 32. Nxd6 Qxd6 33.
Qg4 b6 34. Bf4 $18) (30... Rxf3 31. Qxf3 Bb8 $16 {es sieht nicht gut für den
König in der Ecke aus}) 31. Rxf8 Qxf8 32. Nxd6 Qxd6 33. Re1 Nd3 {Auch Sf6
hilft nicht mehr - wäre aber in der Praxis nicht so leicht zu widerlegen
gewesen} (33... Nf6 34. Qc1 $1 Bg8 35. Bf4 Nfd7 36. Bxe5+ Nxe5 37. Qg5 Ng6 38.
Re8 $18) 34. Re8 Bf7 35. Rc8 b6 (35... Qe6 36. Rc7 $18) 36. h7 $1 Nxf2 {[#]}
37. Qh5 $1 {Noch einen fürs Publikum} Kg7 38. h8=Q# 1-0

[Event "OBEM 2016"]
[Site "?"]
[Date "2016.03.20"]
[Round "2"]
[White "Bergmann, Reinhold"]
[Black "Buescher, Andre"]
[Result "0-1"]
[WhiteElo "1860"]
[BlackElo "2059"]
[Annotator "Buescher"]
[PlyCount "88"]
[EventDate "2016.??.??"]
[SourceDate "2015.04.14"]

1. e4 e6 2. d4 d5 3. Nd2 Be7 4. Bd3 c5 5. dxc5 Nf6 6. exd5 Qxd5 7. Ngf3 {
[#] Die Variante mit 3.Le7 hatte ich mir im letzten Herbst ein wenig
angeschaut und gegen Irmin Meyer sowie David Kardoeus in der
Vereinsmeisteschaft ausprobiert. Inzwischen hatte ich vergessen, dass Sbd7 (um
mit dem Springer auf c5 zu nehmen) hier der genaueste Zug ist. Es gelingt
meinem Gegner nun mit einfachen und natürlichen Zügen ein wenig Druck zu
entfalten. Interessant wird es erst wieder im 19. Zug.} Qxc5 $6 8. O-O O-O 9.
Qe2 Nbd7 10. Nb3 Qc7 11. Re1 b6 12. Bg5 Bb7 13. Bh4 {[#]} Nc5 $6 ({einfacher} 
13... Bd6) 14. Bg3 Bd6 15. Nxc5 Qxc5 16. Bxd6 Qxd6 17. Rad1 Qc7 18. Ne5 Rad8
19. c3 {[#] Das ist wieder einmal genau die Art von Stellung, die man gegen
einen deutlich schlechter gewerteten Spieler (DWZ 1669) nicht braucht. Es ist
absolut nix los und es droht sich alles auf der d-Linie zu tauschen!} g6 $1 {
Dieser Zug nimmt nicht nur die nervige Läuferopferidee auf h7 aus der Stellung.
...} 20. Bc2 Nh5 $5 {....er deckt auch das Feld h5. Schwarz droht Sf4 und ein
einfacher schablonenhafter Zug ist nicht zu sehen. g3 oder f3 macht niemand
gerne. Ich hatte mit De3 gerechnet.} (20... Rxd1 21. Rxd1 Rd8 22. Rxd8+ Qxd8
23. Qd1 Qxd1+ 24. Bxd1 $11 {Diese Stellung möchte ich nicht gegen einen
Außenseiter auf dem Brett haben....und gegen Carlsen erst recht nicht :-)}) 21.
Nd3 $2 {[#] Der Weiße zieht seinen optimal stehenden Springer zurück um das
Feld f4 zu decken. Was soll in dieser eigentlich spannungsarmen Stellung auch
schon schiefgehen? Auf Txd3 nimmt die Dame zurück und drängt dann die
schwarze Kollegin auf der d-Linie einfach ab.} Bxg2 $1 (21... Rxd3 $2 22. Qxd3
Bxg2 23. Qd7 $16) 22. f3 (22. Kxg2 Rxd3 $19) 22... Bh3 $19 23. Qf2 Bf5 24. Re3
{Houdini möchte nun Lxd3 sehen, aber jeder vernünftige gewinnt.} Rd7 25. Qh4
Rfd8 26. Qe1 Qc4 27. Ne5 Rxd1 28. Bxd1 {[#] mit nur noch 6 Minuten auf der Uhr
habe ich auf das verlockende Df4 verzichtet, um komplizierte Varianten zu
vermeiden. Mit 2 Mehrbauern kann ich doch alles tauschen und jedes Endspiel
gewinnen. Die Dame steht allerdings etwas Abseits auf a2 und beim nächsten
Mal spiele ich doch lieber den objektiv besseren Zug Df4!} Qxa2 29. Nc6 Rd7 30.
Nd4 Qb1 $138 (30... Qxb2 $1) 31. Ba4 Qxe1+ 32. Rxe1 Rd6 33. Kf2 Nf4 34. Bb5 Bd3
35. Kg3 g5 (35... Rxd4 $1 {Die technische und taktische Abwicklung bereitet in
Zeitnot sichtlich Mühe!}) 36. Bxd3 Nxd3 37. Re2 Nf4 38. Rc2 Kg7 39. Nb5 Rd1 40.
Kf2 a6 41. Nc7 a5 42. b4 axb4 43. cxb4 Rb1 44. b5 Nd5 0-1

[Event "Bad Zwischenahn"]
[Site "?"]
[Date "2016.01.23"]
[Round "?"]
[White "Grigorian, Spartak"]
[Black "Kunin, Vitaly"]
[Result "1/2-1/2"]
[WhiteElo "2314"]
[BlackElo "2582"]
[Annotator "Grigorian / Krallmann"]
[PlyCount "76"]
[EventDate "2016.??.??"]
[SourceDate "2015.04.14"]

1. d4 e6 2. c4 Bb4+ 3. Nc3 f5 4. e3 Nf6 5. Bd3 b6 6. Nge2 Bb7 7. f3 O-O 8. O-O
Kh8 9. a3 Bd6 {[#]} (9... Be7 10. b4 a5 11. Rb1 axb4 12. axb4 Nc6 13. c5 bxc5
14. dxc5 Ne5 15. Bc2 Nd5 16. Nxd5 Bxd5 17. Nf4 Ba2 18. Rb2 Bc4 19. Rf2 Bf6 20.
Rd2 Qe8 21. Rd4 Bb5 22. Rb1 Nc4 23. Rd3 g5 24. Ne2 Ne5 25. Rd4 g4 26. f4 Ng6
27. Nc3 Bc6 28. b5 Bb7 29. Bb2 Rd8 30. Ne2 Kg8 31. Bb3 Be4 32. Rxe4 Bxb2 33.
Ra4 Bg7 34. Ra7 Rc8 35. Nd4 Kh8 36. b6 cxb6 37. cxb6 e5 38. fxe5 Qxe5 39. Qd3
Rcd8 40. Nb5 f4 41. Nd6 fxe3 42. Qd5 e2 43. Qg8+ {1-0 Alonso Rosell,A (2510)
-Lacasta Palacio,J (2177)/Barcelona 2012/CBM 148 Extra}) 10. Nb5 (10. b4 $5) (
10. e4 $6 fxe4 11. fxe4 e5) 10... Be7 11. Ng3 c6 12. Nc3 d5 13. cxd5 cxd5 14.
b4 (14. Bd2 $5) 14... Nc6 15. Bd2 Rc8 16. Nge2 Ne8 17. Na4 Nd6 18. b5 Nb8 {[#]}
19. Nb2 (19. Bb4 Nc4 20. Bxc4 dxc4 (20... Rxc4 21. Nb2 Rc8 22. Nd3 $14) 21. Qd2
) 19... Nc4 20. Nxc4 $6 dxc4 21. Bb1 {[%cal Ga1a2,Ge2c3,Gd2c1,Ga2e2]} Qe8 22.
Bb4 Bxb4 23. axb4 a6 24. bxa6 Nxa6 25. Qd2 Qb5 (25... Ra8 $15) 26. Nc3 Qxb4 27.
Ra4 Qd6 28. Ba2 Nc5 29. Nb5 Qd7 30. Ra7 Na6 (30... Qxb5 31. dxc5 Rb8 32. Rc1
Rfc8 $11) 31. Rb1 Rc6 {[#]} 32. Qe2 {[%cal Ge2a6,Ga7d7,Rb7a6]} c3 33. Nxc3 Rxc3
34. Qxa6 Bxa6 35. Rxd7 Rxe3 36. Rd6 Bd3 37. Rd1 Bc2 38. Rd2 Bb3 {[#]} (38...
Bb3 39. Kf2 $1 {Zwischenzug} Rc3 40. Bxb3 Rxb3 41. Rxe6 Rd8 42. d5 Kg8 43. Re5
g6 {[%csl Rf6,Rg5,Rh6][%cal Gf2g5]} 44. Re7 $14 {Schade, in der
Schlussstellung hätte Spartak noch gefahrlos weiter spielen können. Das
Turmendspiel ist besser für Weiß. Trotzdem eine gute Partie von Spartak
gegen einen sehr starken Gegner.}) 1/2-1/2

[Event "Aeroflot Open 2016 A"]
[Site "Moscow"]
[Date "2016.03.08"]
[Round "8.20"]
[White "Bluebaum, Matthias"]
[Black "Korobov, Anton"]
[Result "1-0"]
[WhiteElo "2605"]
[BlackElo "2713"]
[Annotator "Matthias Blübaum"]
[PlyCount "65"]
[EventDate "2016.03.01"]
[EventRounds "9"]
[EventCountry "RUS"]
[SourceDate "2015.04.14"]

1. d4 d5 2. c4 c6 3. Nf3 Nf6 4. Nc3 dxc4 5. a4 Bf5 6. Ne5 Nbd7 7. Nxc4 Nb6 8.
Ne5 a5 9. e3 {[#] Ich hatte diese Variante in der Vorbereitung gegen meinen
Gegner zwar nicht angesehen, hatte mir diese jedoch allgemein angesehen.} e6 $6
{Dieser Zug gilt als zweifelhaft, da die nun auftretenden Komplikationen
einfach gut für Weiß sein sollten.} (9... h6 {mit der Idee, dem Läufer das
Feld h7 zu geben, oder}) (9... g6 {sind vernünftige Alternativen.}) 10. g4 Bg6
11. h4 {Dies ist die eigentliche Idee von 9. e3. Schwarz bekommt Probleme mit
seinem weißfeldrigen Läufer.} Bd6 {Auch wenn die Partiestellung sehr gut für
Weiß aussieht, ist es schwer einen anderen Zug für Schwarz zu empfehlen.} 12.
h5 Be4 13. f3 Bxe5 {[#]} 14. dxe5 $5 {sieht deutlich interessanter als fxe4
aus. Schwarz kommt nun forciert in ein schwer zu haltendes Endspiel.} Qxd1+ 15.
Nxd1 Bxf3 16. exf6 Bxh1 17. fxg7 (17. Nf2 $2 {wäre zu langsam, da Schwarz nun
seinen Läufer geben könnte.} g6 18. Nxh1 gxh5 19. gxh5 Nd5 $11) 17... Rg8 18.
h6 Be4 {Bis hierhin war nun fast alles forciert. Auch Le4 ist sehr logisch, um
den Punkt h7 gedeckt zu halten.} 19. Nf2 Bg6 20. e4 {[#] Nun bäuchte Schwarz
einen guten Verteidigungsplan, allerdings ist es sehr schwer einen solchen zu
finden, da die schwarzen Figuren unkoordiniert sind und eigentlich immer ein
Turm den Bauern auf g7 aufhalten muss.} Nd7 21. Be3 {Der Plan, mich mit langer
Rochade zuende zu entwickeln, sah sehr logisch aus. Danach war meine Idee Le2
g5 und Sg4.} f6 22. O-O-O Ne5 23. Bd4 {Dieser Zug sah für mich am einfachsten
aus. Pläne mit g5 wären sicherlich auch sehr gut für Weiß gewesen.} (23. Be2 {
[%cal Gg4g5]}) 23... Rd8 (23... Kf7 {hilft auch nicht viel nach} 24. Be2 {
, da Schwarz früher oder später sowieso Td8 spielen wird.}) 24. Bxe5 Rxd1+ 25.
Kxd1 fxe5 26. g5 $18 {[#] Diese Stellung schätzte ich als komplett gewonnen
ein, da Schwarz nicht verhindern kann, dass mein Springer nach f6 kommt.} Kf7
27. Be2 {Mein Plan war nun Le2 Lf3 Sg4 Sf6, sodass ich gar kein Gegenspiel
zulasse.} Rd8+ 28. Kc1 b5 (28... Ke7 {hilft auch nicht} 29. Ng4 Bh5 30. Nxe5 $1
(30. Nf6 $2 {gewinnt vermutlich auch, macht die Partie aber technisch wieder
komplizierter.} Bxe2 31. g6 Kxf6 32. gxh7 Kf7 $1 33. h8=Q Rg8 {und Weiß muss
noch arbeiten, um die Partie zu gewinnen.}) 30... Bf7 (30... Bxe2 31. g6 $18)
31. Nxf7 Kxf7 32. Bg4 {mit der Idee Lxe6 gefolgt von g6 entscheidet die Partie.
}) 29. Bf3 bxa4 30. Ng4 c5 31. Nf6 {[#] Nun hat der Springer sein Traumfeld
auf f6 gefunden. Von dort dominiert er die schwarzen Figuren komplett, sodass
Schwarz nur noch mit dem Turm auf der 8. Reihe pendeln kann.} c4 32. Kc2 Rb8
33. Kc3 {Weiß gewinnt einfach den Bauern auf c4 und bringt zum Beispiel den
Läufer nach e8. Schwarz ist komplett hilflos.} 1-0

[Event "Aeroflot Open 2016 A"]
[Site "Moscow"]
[Date "2016.03.01"]
[Round "1.39"]
[White "Esipenko, Andrey"]
[Black "Bluebaum, Matthias"]
[Result "0-1"]
[WhiteElo "2445"]
[BlackElo "2605"]
[Annotator "Matthias Krallmann"]
[PlyCount "88"]
[EventDate "2016.03.01"]
[EventRounds "9"]
[EventCountry "RUS"]
[SourceDate "2015.04.14"]

1. Nf3 Nf6 2. g3 b6 3. Bg2 Bb7 4. O-O g6 5. c4 Bg7 6. Nc3 O-O 7. d4 Ne4 8. Bd2
c5 9. d5 Nxd2 10. Qxd2 d6 11. h4 Nd7 12. h5 Ne5 (12... gxh5 13. Qg5 Nf6 14. Qh4
Bc8 15. e4 Bg4 16. Nh2 a6 17. f4 $13) 13. Nxe5 Bxe5 14. Bf3 Qd7 15. Kg2 Bg7 16.
Ne4 b5 17. Rh1 (17. hxg6 hxg6 18. cxb5 Qxb5 19. Rh1 Ba6 20. Rab1 Qb4 $11) 17...
bxc4 18. hxg6 hxg6 19. Rh4 Qf5 20. Rah1 Qe5 21. Nc3 f5 $6 (21... Ba6 22. Re4
Qf6 23. Qc1 Rab8 $11) 22. Rxc4 $14 Ba6 23. Rch4 Rab8 24. Ra4 Rb6 25. Nd1 c4 26.
Qc2 Rfb8 27. Ra5 Qd4 28. Qc1 R8b7 29. Rh4 Qf6 30. e3 Rc7 31. Nc3 g5 32. Rh1 g4
33. Be2 Bc8 34. Ra4 Ba6 35. e4 fxe4 36. Bxg4 Bc8 37. Bxc8 $2 (37. Nxe4 Qg6 38.
Bf3 Rxb2 39. Rxc4 Rxc4 40. Qxc4 Bf5 41. Re1 $14) 37... Qf3+ 38. Kg1 Rxc8 $11
39. Nd1 $2 {[#]} (39. Rxa7 e3 40. Rh2 exf2+ 41. Rxf2 Qxg3+ 42. Rg2 Qe5 $11)
39... e3 $1 40. Rxc4 $2 (40. Nxe3 Rxb2 41. Rh2 Rcb8 42. Qxc4 Bd4 $1 43. Rg2
Rb1+ 44. Nf1 Qe4 45. Rh2 Rxf1+ 46. Qxf1 Rb1 $19) 40... Rf8 $1 $19 41. Qc2 e2
42. Qh7+ Kf7 43. Rf4+ Ke8 44. Qg6+ Kd8 0-1

[Event "Aeroflot Open 2016 A"]
[Site "Moscow"]
[Date "2016.03.02"]
[Round "2.6"]
[White "Bluebaum, Matthias"]
[Black "Swiercz, Dariusz"]
[Result "1/2-1/2"]
[WhiteElo "2605"]
[BlackElo "2665"]
[Annotator "Matthias Krallmann"]
[PlyCount "54"]
[EventDate "2016.03.01"]
[EventRounds "9"]
[EventCountry "RUS"]
[SourceDate "2015.04.14"]

1. d4 Nf6 2. c4 g6 3. Nc3 d5 4. Bg5 Bg7 5. Bxf6 Bxf6 6. cxd5 c5 7. Nf3 cxd4 8.
Nxd4 Qb6 9. Nb3 a5 10. e3 a4 11. Bb5+ $146 (11. Nd4 Qxb2 12. Bb5+ Nd7 13. Qc1
Qxc1+ 14. Rxc1 O-O 15. Nxa4 Ra5 16. Nc3 Bxd4 17. exd4 Rd8 18. a4 Nb6 19. O-O {
1/2-1/2 Riazantsev,A (2485)-Turov,M (2546)/Ubeda 2001/CBM 080 Extra}) 11... Bd7
12. Nd4 Bxd4 13. Qxd4 Qxd4 14. exd4 Bxb5 15. Nxb5 Ra5 16. Rc1 (16. Nc3 Na6 17.
Kd2 Nb4 18. b3 Nxd5 19. Nxa4 O-O 20. Rhe1 Rc8 $11) 16... O-O 17. Nc7 (17. Nc3
Nd7 18. Kd2 Nf6 19. Rhe1 Nxd5 20. Nxd5 Rxd5 21. Rxe7 Rxd4+ 22. Ke3 Rb4 $11)
17... Nd7 18. Kd2 (18. O-O Nf6 19. Rfe1 Nxd5 20. Nxd5 Rxd5 21. Rxe7 b5 22. Rb7
Rxd4 23. Rxb5 $14) 18... Nf6 19. Rc4 Rd8 20. Re1 Nxd5 21. Nxd5 Raxd5 22. Rxe7
b5 23. Rb4 Rxd4+ 24. Rxd4 Rxd4+ 25. Kc3 Rc4+ 26. Kd3 Rb4 27. Kc3 Rc4+ 1/2-1/2

[Event "GRENKE Chess Open 2016"]
[Site "Karlsruhe"]
[Date "2016.03.28"]
[Round "9"]
[White "Charmeteau, Sven"]
[Black "Meyner, Hannes"]
[Result "1-0"]
[WhiteElo "2271"]
[BlackElo "2176"]
[Annotator "Sven Charmeteau"]
[PlyCount "61"]
[EventDate "2016.??.??"]
[EventCountry "GER"]
[SourceDate "2015.04.14"]

{Die letzte Runde des Opens. Ich war schon ziemlich müde nach einigen
schwierigen und langen Partien. In der vorherigen Runde musste ich meine erste
Niederlage des Turniers kassieren, dafür bekomme ich einen nominell
schwächeren Gegner und hoffte auf einen leichteren Kampf.} 1. e4 c6 2. d4 d5
3. Nd2 dxe4 4. Nxe4 Bf5 5. Ng3 Bg6 6. Nf3 (6. h4 {wird am meisten gespielt,
aber das ist eigentlich nur eine Zugumstellung.}) 6... Nd7 7. h4 h6 8. h5 Bh7
9. Bd3 Bxd3 10. Qxd3 e6 11. Bd2 Ngf6 12. O-O-O Be7 13. Kb1 Qb6 14. c4 (14. Rhe1
) 14... Rd8 {Bisher ist es noch alles Theorie.} 15. Qe2 {Die erste Abweichung
von der Theorie.} (15. Bf4) 15... O-O {[#]} 16. Nf5 $5 {Für diesen Zug habe
ich viele Minuten investiert. Zum Teil habe ich einiges gerechnet, aber zum
anderen Teil war es Intuition. Das war eigentlich der Punkt von De2, aber da
mein Gegner 0-0 quasi à Tempo gespielt hat, musste ich genauer reingucken. Im
Endeffekt ist der Zug nicht richtig aber es hatte einen psychologischen Effekt
auf meinem Gegner, der dieses Motiv bei einer anderen Konstellation der
weißen Figuren kannte. Deshalb wollte er meinen Zug materialistisch
wiederlegen.} Ba3 (16... exf5 $1 17. Qxe7 Ne4 18. Rhf1 c5 19. dxc5 Ndxc5 20.
Be3 Nc3+ 21. Kc2 Nxd1 22. Rxd1 Rc8 23. Rd5 Rc7 24. Qe5 Rfc8 25. b3 Qe6 26. Qxf5
Qxf5+ 27. Rxf5 $15) 17. Nxh6+ Kh8 18. Bc1 (18. Nxf7+ $1 Rxf7 19. Bc1 Bf8 20. h6
$18) 18... gxh6 19. c5 (19. Rd3 Be7 20. Bxh6 Rg8 21. Ng5 Rxg5 22. Bxg5 $14)
19... Qb5 {[#] Ich hatte im Voraus gesehen, dass ich hier in ein Endspiel mit
einem Mehrbauern gehen konnte. Aber als die Stellung erschien war es mir nicht
mehr ganz so klar, da die schwarzen Springer gute Felder finden können und
mein Läufer ist nicht so toll.} (19... Qb4 20. Rd3) 20. Qe3 $1 {Entweder
kriege ich mein Figur zurück ohne Strukturschwächung und mit den Damen auf
dem Brett oder ich kann sofort angreifen.} Bb4 (20... Ng4 21. Qxa3 Rg8 22. Qc3
$16) 21. Qxh6+ Nh7 22. Ng5 Ndf6 23. Rh3 Qe2 {[#]} 24. Rg3 {Als ich 20.De3
spielte, hatte ich hier 24...Dxh5 übersehen und dachte ich setze ihn sofort
Matt. Zu Not hätte ich 24.Tdd3 gezogen, was auch gewinnt, aber eine Variante
ist kritisch, wo ich nur ein besseres Endspiel bekomme.} (24. Rdd3 Bxc5 25.
Rde3 Qg4 26. Re4 Qf5 27. Rf3 Ng8 28. Qxh7+ Qxh7 29. Nxh7 Kxh7 30. dxc5 $16)
24... Qxh5 (24... Bd2 25. Rxd2 Qxh5 26. Rh3 Qxh6 27. Rxh6 Kg7 28. Nxh7 Nxh7 29.
Rd3 f6 30. Rg3+ Kh8 31. Be3 $16) 25. Nxh7 $1 {Das ist der Grund, warum 24.Tg3
so gut funktioniert.} Qxh6 26. Bxh6 Nh5 {[#]} 27. Nf6 $3 {Ein schöner Zug,
der schon ein Mattnetz aufbaut.} (27. Bg7+ $3 Kxh7 28. Rh1 Rd5 29. Bxf8 $18)
27... Nxg3 28. fxg3 Rg8 (28... Bd2 {verhindert Matt, ist aber hoffnungslos.}
29. Bxf8 Rxf8 30. Rxd2 $18) 29. Rh1 Rg7 30. Bg5+ Rh7 31. Rxh7# {Ein schöner
Abschluss zu meiner aller stärksten Turnierleistung.} 1-0